| 000 | 01012cam a2200229 4500 | ||
|---|---|---|---|
| 001 | WB3909-13 | ||
| 008 | 030304n2003 000 0 eng u | ||
| 035 | _a(Sirsi) u121492 | ||
| 245 | _aDownturn favours growth over value | ||
| 260 | _c2003 | ||
| 490 |
_aEstates Gazette _v(0308) 22 February 2003, 43(1) |
||
| 490 |
_aJones Lang LaSalle Press Release _v(NR1157) 24 February 2003 (2) |
||
| 520 | _aResearch into the Jones Lang LaSalle 2002 "Style index" shows that growth investments, with long leases, good covenants and high quality buildings are outperforming higher yielding value properties with more uncertain covenants, shorter leases and poorer quality buildings. Jones Lang LaSalle website http://www.joneslanglasalle.co.uk | ||
| 590 | _aWB | ||
| 650 | _aOFFICE SECTOR | ||
| 650 | _aRETAIL SECTOR | ||
| 650 | _aINVESTMENT GROWTH | ||
| 650 | _aINVESTMENT MARKET | ||
| 650 | _aSTOCK MARKETS | ||
| 690 | _aPROPERTY-COMMERCIAL PROPERTY-COMMERCIAL PROPERTY FINANCE AND INVESTMENT | ||
| 942 | _n0 | ||
| 999 |
_c72202 _d72202 |
||